| 000 | 01165nam a22002657a 4500 | ||
|---|---|---|---|
| 005 | 20170124103059.0 | ||
| 010 | _aB-158054 | ||
| 020 | _c00.00 | ||
| 035 | _aB-158054 | ||
| 037 | _bCen Lib/Ret | ||
| 040 |
_aDPL _bHN |
||
| 082 |
_aक _bयामिनी |
||
| 100 |
_aयामिनी देवी _976056 |
||
| 245 |
_aपर्वत के पार / _cयामिनी देवी ; अनुवादक एलादबम विजयलक्ष्मी |
||
| 246 |
_aParvat ke paar /
_bBy Yamini Devi ; anuvadak Eladbam Vijyalakshmi |
||
| 260 |
_aमणिपुर _bराय प्रवीणा बरोदर्स _c2005 |
||
| 270 |
_bमणिपुर _aतेरा बाज़ार, इम्फाल |
||
| 300 |
_aiv,162p. _c19से.मी. (सजिल्द) |
||
| 650 |
_aसाहित्य--कहानियां _91200 |
||
| 650 |
_aमणिपुरी--कहानियां _91200 |
||
| 650 |
_aLiterature--stories _976057 |
||
| 650 |
_aManipuri--stories _976058 |
||
| 700 |
_aएलादबम विजयलक्ष्मी _944174 |
||
| 942 |
_2ddc _cHN _hक _mयामिनी |
||
| 999 |
_c117650 _d117650 |
||